000 00761na a2200229 4500
001 14613
003 MIRAKIL
005 20181213155303.0
008 160829b tu 000 0
035 _a14613
040 _aMilas
_btur
_cTR-AnCHP
082 _aATA 379.561092
_bA72 1990
090 _aATA 379.561092 A72 1990
245 _aAtatürk ve eğitim
_bfotoğraflar - hatıralar - belgeler - kronoloji
_chazırlayan Ahmet Bekir Palazoğlu
260 _aAnkara
_bMilli Eğitim Bakanlığı
_c1990
300 _a291 s.
_bfotg.
_c29 sm.
504 _aKaynakça var.
600 _aAtatürk, Mustafa Kemal
_d1881-1938
_xEğitim
650 _aEğitim
_xTarih
_xResimli yapıtlar
_y20. yüzyıl
_zTürkiye
700 _aPalazoğlu, Ahmet Bekir
942 _2ddc
_cBKS
999 _c9991
_d9991